World: Physical Features - Statistics

General Stats
  • This quiz has been taken 27 times
  • The average score is 11 of 23
Answer Stats
Famous for: Place name % Correct
largest rainforest Amazon
100%
largest mountain range in South America Andes
100%
northernmost ocean Arctic Ocean
100%
coldest place Antarctica
90%
largest desert in China Gobi Desert
90%
longest river in Europe except Volga Danube
86%
where Mount Everest is in Himalayas
86%
which borders Caribbean Atlantic Ocean
81%
where Nuuk is in Greenland
71%
largest lake in Africa Lake Victoria
71%
which has Madagascar in it Indian Ocean
57%
which borders Africa, Europe, and Asia Mediterranean Sea
48%
river, but the name is a U.S. state name Mississippi River
29%
river, but the name is a country name Niger
14%
longest river Nile
14%
gulf, which is in Middle East Persian Gulf
10%
largest ocean Pacific Ocean
5%
Mount Albert is its tallest mountain Rocky Mountains
5%
largest desert in Africa Sahara Desert
5%
the Asian part of Russia Siberia
5%
the strait between Spain and Morocco Strait of Gibraltar
5%
separate Russia from Europe to Asia Ural Mountains
5%
longest river in China Yangtze (Chang Jiang)
5%
No matching quizzes found
Score Distribution
Percent of People with Each Score
Percentile by Number Answered
Your Score History
You have not taken this quiz